000 01018nam a2200229Ii 4500
003 JO-AjNU
008 230605s9999||||xx |||||||||||||| ||und||
017 _a2007/1/204
020 _a978-9957-478-36-0
040 _aJO-AjNU
_bara
_erda
_cJO-AjNU
041 _aara
050 1 4 _aHF 5625. 15.I72 2007
100 3 _aالعيساوي،عوض خلف دلف,
_eauthor
_931904
245 0 0 _aالفرضيات والمبادىء والمحددات المحاسبية من منظور الشريعة الاسلامية: دراسة محاسبية في المصارف الاسلامية
250 _aط1
264 3 1 _aعمان:دار دجلة ناشرون وموزعون،2007
300 _a451ص
_bيحتوي على قائمة مختصرات من ص 419-444ص ،يحتوي على ببلوغرافية من ص445-451 ص
336 _atext
_btxt
_2rdacontent
337 _aunmediated
_bn
_2rdamedia
338 _avolume
_bnc
_2rdacarrier
650 4 _aالمحاسبة - الجوانب الدينية- الاسلام
_931905
999 _aA12814
_c16382
_d16382